[Event "Niederbayernliga 0102"]
[Site "Germany"]
[Date "2001.??.??"]
[Round "2.1"]
[White "Pachman, Ludek"]
[Black "Testor, Sebastian"]
[Result "1/2-1/2"]
[WhiteElo "2278"]
[BlackElo "2108"]
[PlyCount "82"]
[EventDate "2001.??.??"]
[EventType "team"]
[EventRounds "9"]
[EventCountry "GER"]
[SourceTitle "EXT 2008"]
[Source "ChessBase"]
[SourceDate "2007.11.25"]
[SourceVersion "1"]
[SourceVersionDate "2007.11.25"]
[SourceQuality "1"]
[WhiteTeam "Freyung"]
[BlackTeam "Passau II"]
[WhiteTeamCountry "GER"]
[BlackTeamCountry "GER"]

1. Nf3 Nf6 2. c4 e6 3. Nc3 b6 4. e4 Bb7 5. e5 Ne4 6. Nxe4 Bxe4 7. Be2 d6 8. d3 Bb7 9. 0-0 Nd7 10. Bg5 Be7 11. Bxe7 Qxe7 12. exd6 cxd6 13. d4 0-0 14. b4 Rfc8 15. Qb3 Rc7 16. Rfe1 Rac8 17. a4 a5 18. bxa5 bxa5 19. Qc3 Nb6 20. Qxa5 Nxc4 21. Qb4 Bd5 22. a5 Rb7 23. Qc3 Qd8 24. a6 Ra7 25. Rec1 Rc6 26. g3 Qc8 27. Nd2 Rac7 28. Qb4 Nxd2 29. Rxc6 Rxc6 30. Qxd2 g6 31. a7 Rc7 32. f4 Ba8 33. Qb4 Rc1+ 34. Rxc1 Qxc1+ 35. Kf2 Qh1 36. Ke3 Qc1+ 37. Kd3 Qc6 38. Kd2 Kg7 39. Qb8 Qd5 40. Bd3 Qa2+ 41. Ke3 Qd5 1/2-1/2

[Event "Liechtenstein op 18th"]
[Site "Triesen"]
[Date "2000.??.??"]
[Round "1"]
[White "Natter, Markus"]
[Black "Pachman, Ludek"]
[Result "0-1"]
[WhiteElo "2009"]
[BlackElo "2273"]
[PlyCount "58"]
[EventDate "2000.05.27"]
[EventType "swiss"]
[EventRounds "9"]
[EventCountry "LIE"]
[SourceTitle "EXT 2001"]
[Source "ChessBase"]
[SourceDate "2000.11.22"]
[SourceVersion "1"]
[SourceVersionDate "2000.11.22"]
[SourceQuality "1"]

1. Nc3 d5 2. e4 d4 3. Nce2 c5 4. Ng3 Nc6 5. Nf3 Nf6 6. Bc4 Qc7 7. c3 Bg4 8. h3 Bxf3 9. Qxf3 e6 10. d3 0-0-0 11. Qe2 Bd6 12. 0-0 Bf4 13. Bxf4 Qxf4 14. Bb5 Ne5 15. c4 g5 16. Rfd1 g4 17. hxg4 Rhg8 18. Qd2 Qxd2 19. Rxd2 Rxg4 20. Ba4 Rdg8 21. Bd1 R4g6 22. Kf1 h5 23. Nxh5 Nxh5 24. Bxh5 Rxg2 25. Ke2 Rh2 26. Bf3 Rh3 27. Bh1 Ng6 28. Rf1 Nf4+ 29. Kd1 Rgh8 0-1

[Event "Wch Seniors 09th"]
[Site "Gladenbach"]
[Date "1999.11.20"]
[Round "11"]
[White "Pachman, Ludek"]
[Black "Greifzu, Helmut"]
[Result "1/2-1/2"]
[WhiteElo "2320"]
[BlackElo "2020"]
[PlyCount "59"]
[EventDate "1999.11.07"]
[EventType "swiss"]
[EventRounds "11"]
[EventCountry "GER"]
[SourceTitle "EXT 2001"]
[Source "ChessBase"]
[SourceDate "2000.11.22"]
[SourceVersion "1"]
[SourceVersionDate "2000.11.22"]
[SourceQuality "1"]

1. d4 d5 2. c4 c6 3. Nf3 Nf6 4. Nc3 e6 5. e3 Nbd7 6. Qc2 Bd6 7. Bd2 0-0 8. 0-0-0 dxc4 9. Bxc4 b5 10. Bd3 Bb7 11. Kb1 Re8 12. Ne4 Nxe4 13. Bxe4 Nf6 14. Bd3 Qc7 15. Rc1 Rac8 16. Rhd1 h6 17. Ka1 a6 18. e4 e5 19. dxe5 Bxe5 20. Nxe5 Qxe5 21. f4 Qe7 22. e5 Nd5 23. Re1 Nb4 24. Bxb4 Qxb4 25. Be4 Red8 26. Red1 Qe7 27. a3 Rxd1 28. Rxd1 c5 29. Rd6 c4 30. Bxb7 1/2-1/2

[Event "Wch Seniors 09th"]
[Site "Gladenbach"]
[Date "1999.11.16"]
[Round "8"]
[White "Perk, Egbert"]
[Black "Pachman, Ludek"]
[Result "1-0"]
[WhiteElo "2079"]
[BlackElo "2320"]
[PlyCount "73"]
[EventDate "1999.11.07"]
[EventType "swiss"]
[EventRounds "11"]
[EventCountry "GER"]
[SourceTitle "EXT 2001"]
[Source "ChessBase"]
[SourceDate "2000.11.22"]
[SourceVersion "1"]
[SourceVersionDate "2000.11.22"]
[SourceQuality "1"]

1. d4 Nf6 2. Nf3 e6 3. Bf4 b6 4. e3 Bb7 5. Nbd2 Be7 6. h3 0-0 7. Bd3 c5 8. c3 Nc6 9. 0-0 d6 10. Qe2 Re8 11. e4 d5 12. e5 Nd7 13. a3 Nf8 14. Qe3 a6 15. Bg5 cxd4 16. cxd4 Nxd4 17. Bxe7 Nxf3+ 18. Nxf3 Rxe7 19. Rac1 Rc8 20. Rcd1 h6 21. Nd4 Qc7 22. f4 Kh8 23. Bb1 b5 24. Rde1 Qb6 25. Kh2 Rc4 26. Rd1 Bc8 27. g4 Qc7 28. Bd3 Rc5 29. Qg3 Qb8 30. Qh4 Qc7 31. g5 Nh7 32. gxh6 g6 33. Rd2 Rc4 34. Bxc4 bxc4 35. Qg3 Nf8 36. h4 Qd8 37. Nc6 1-0

[Event "Wch Seniors 09th"]
[Site "Gladenbach"]
[Date "1999.11.11"]
[Round "4"]
[White "Bere Filho, Romulo Fernando"]
[Black "Pachman, Ludek"]
[Result "1-0"]
[WhiteElo "2126"]
[BlackElo "2320"]
[PlyCount "74"]
[EventDate "1999.11.07"]
[EventType "swiss"]
[EventRounds "11"]
[EventCountry "GER"]
[SourceTitle "EXT 2001"]
[Source "ChessBase"]
[SourceDate "2000.11.22"]
[SourceVersion "1"]
[SourceVersionDate "2000.11.22"]
[SourceQuality "1"]

1. Nf3 Nf6 2. d4 e6 3. c4 Bb4+ 4. Bd2 a5 5. a3 Bxd2+ 6. Qxd2 d6 7. Nc3 Qe7 8. Qg5 0-0 9. e3 Re8 10. Be2 b6 11. 0-0 Bb7 12. Nd2 e5 13. Bf3 Bxf3 14. Nxf3 g6 15. Rac1 Nbd7 16. h3 a4 17. Nb5 Rec8 18. Qh4 c6 19. Nc3 Re8 20. Rfd1 Kg7 21. dxe5 dxe5 22. Rd2 Nc5 23. Rcd1 h6 24. e4 Rac8 25. Re2 Rcd8 26. Rxd8 Rxd8 27. Qg3 Re8 28. Qh4 Qe6 29. Nd2 g5 30. Qg3 Nh5 31. Qe3 Nf4 32. Re1 Rd8 33. f3 Rd3 34. Qf2 Qd6 35. Nf1 f6 36. Kh2 Kg6 37. g3 Nfe6 1-0

[Event "Jacques Lemans op 18th"]
[Site "St Veit"]
[Date "1999.??.??"]
[Round "6.11"]
[White "Hinteregger, Arthur"]
[Black "Pachman, Ludek"]
[Result "1-0"]
[WhiteElo "2156"]
[BlackElo "2320"]
[PlyCount "79"]
[EventDate "1999.07.??"]
[EventType "swiss"]
[EventRounds "9"]
[EventCountry "AUT"]
[SourceTitle "EXT 2004"]
[Source "ChessBase"]
[SourceDate "2003.11.25"]
[SourceVersion "1"]
[SourceVersionDate "2003.11.25"]
[SourceQuality "1"]

1. e4 e6 2. d4 d5 3. Nc3 Nf6 4. e5 Nfd7 5. f4 c5 6. Nf3 Nc6 7. Be3 a6 8. Qd2 b5 9. dxc5 Bxc5 10. Bxc5 Nxc5 11. Qf2 Qb6 12. Bd3 b4 13. Ne2 Nxd3+ 14. cxd3 Qxf2+ 15. Kxf2 Bb7 16. Ned4 Nxd4 17. Nxd4 Kd7 18. Rac1 Rhc8 19. Ke3 Rc7 20. Rxc7+ Kxc7 21. g4 Re8 22. h4 Kb6 23. g5 Bc8 24. h5 Bd7 25. h6 Rg8 26. hxg7 Rxg7 27. Rh6 Kc5 28. Nb3+ Kb5 29. Nd2 a5 30. Nf3 a4 31. Nh2 Kc5 32. Ng4 d4+ 33. Kd2 Bc6 34. Nf6 Bf3 35. a3 bxa3 36. bxa3 Kb5 37. Ke1 Bc6 38. Rh2 Kb6 39. Rb2+ Bb5 40. Ne8 1-0

[Event "Jacques Lemans op 18th"]
[Site "St Veit"]
[Date "1999.??.??"]
[Round "3.10"]
[White "Pachman, Ludek"]
[Black "Lehner, Erich"]
[Result "1-0"]
[WhiteElo "2320"]
[BlackElo "2097"]
[PlyCount "75"]
[EventDate "1999.07.??"]
[EventType "swiss"]
[EventRounds "9"]
[EventCountry "AUT"]
[SourceTitle "EXT 2004"]
[Source "ChessBase"]
[SourceDate "2003.11.25"]
[SourceVersion "1"]
[SourceVersionDate "2003.11.25"]
[SourceQuality "1"]

1. c4 Nf6 2. Nc3 e6 3. Nf3 d5 4. d4 Bb4 5. e3 Ne4 6. Qc2 c5 7. Bd3 f5 8. 0-0 Bxc3 9. bxc3 Nc6 10. Rb1 0-0 11. Ba3 b6 12. Ne1 Ba6 13. cxd5 Bxd3 14. Nxd3 Qxd5 15. f3 Nd6 16. dxc5 Nc4 17. Bc1 Rfd8 18. Nf4 Qe5 19. Re1 g5 20. Nd3 Qd5 21. Nf2 Qxc5 22. Nh3 h6 23. f4 g4 24. Nf2 Kg7 25. a4 a6 26. Nd3 Qe7 27. e4 Qf7 28. Nb4 N6a5 29. Qe2 Qf6 30. Nc6 Qxc3 31. Nxd8 Qd4+ 32. Qf2 Qxd8 33. exf5 exf5 34. Bb2+ Kf7 35. Bc3 Rc8 36. Rbd1 Qc7 37. Qh4 Qxf4 38. Qf6+ 1-0

[Event "Jacques Lemans op 18th"]
[Site "St Veit"]
[Date "1999.??.??"]
[Round "8.13"]
[White "Wiedner, Robert"]
[Black "Pachman, Ludek"]
[Result "1-0"]
[WhiteElo "2191"]
[BlackElo "2320"]
[PlyCount "47"]
[EventDate "1999.07.??"]
[EventType "swiss"]
[EventRounds "9"]
[EventCountry "AUT"]
[SourceTitle "EXT 2004"]
[Source "ChessBase"]
[SourceDate "2003.11.25"]
[SourceVersion "1"]
[SourceVersionDate "2003.11.25"]
[SourceQuality "1"]

1. c4 Nf6 2. Nf3 e6 3. Nc3 Bb4 4. Qb3 c5 5. a3 Ba5 6. e4 Nc6 7. e5 Ng4 8. Ne4 Ngxe5 9. Nxe5 Nxe5 10. Qg3 Ng6 11. b4 cxb4 12. Nd6+ Kf8 13. Rb1 bxa3 14. Bxa3 Kg8 15. Bd3 f5 16. h4 f4 17. Qh3 Ne5 18. Be4 Bc7 19. Qc3 Nc6 20. Bb2 Qe7 21. c5 b6 22. h5 h6 23. Rh4 Qg5 24. Bg6 1-0

[Event "CZE-chT 9596"]
[Site "Czech Republic"]
[Date "1995.12.10"]
[Round "6"]
[White "Pachman, Ludek"]
[Black "Hracek, Zbynek"]
[Result "0-1"]
[WhiteElo "2325"]
[BlackElo "2635"]
[PlyCount "54"]
[EventDate "1995.10.21"]
[EventType "team-tourn"]
[EventRounds "11"]
[EventCountry "CZE"]
[SourceTitle "EXT 2019"]
[Source "ChessBase"]
[SourceDate "2018.10.10"]
[SourceVersion "1"]
[SourceVersionDate "2018.10.10"]
[SourceQuality "1"]
[WhiteTeam "Vysehrad SK Sokol"]
[BlackTeam "Praha Dukla"]
[WhiteTeamCountry "CZE"]
[BlackTeamCountry "CZE"]

1. Nf3 Nf6 2. c4 b6 3. g3 Bb7 4. Bg2 c5 5. 0-0 g6 6. b3 Bg7 7. Bb2 0-0 8. Nc3 a6 9. d4 cxd4 10. Nxd4 Bxg2 11. Kxg2 Qc8 12. e3 Nc6 13. Nxc6 dxc6 14. Qe2 h5 15. h4 Qe6 16. Rad1 b5 17. a4 bxc4 18. Qxc4 Qxc4 19. bxc4 Rfb8 20. Ba3 Rb3 21. Nb1 Kf8 22. Rc1 Nd7 23. Rfd1 Ke8 24. Kf3 a5 25. Ke2 Rab8 26. Ke1 Nb6 27. Bc5 Nxa4 0-1

[Event "BL2-Sued 9495"]
[Site "Germany"]
[Date "1995.??.??"]
[Round "1.2"]
[White "Zlochevskij, Alexander"]
[Black "Pachman, Ludek"]
[Result "1/2-1/2"]
[WhiteElo "2505"]
[BlackElo "2340"]
[PlyCount "67"]
[EventDate "1994.10.??"]
[EventType "team-tourn"]
[EventRounds "9"]
[EventCountry "GER"]
[SourceTitle "GER-chT2"]
[Source "ChessBase"]
[SourceDate "1999.07.01"]
[SourceVersion "1"]
[SourceVersionDate "1999.07.01"]
[SourceQuality "1"]
[WhiteTeam "Goeggingen"]
[BlackTeam "Passau"]
[WhiteTeamCountry "GER"]
[BlackTeamCountry "GER"]

1. d4 Nf6 2. Bg5 d5 3. Bxf6 gxf6 4. e3 e6 5. c4 c6 6. Nc3 f5 7. Nh3 Nd7 8. Nf4 Nf6 9. Rc1 dxc4 10. Bxc4 Bd6 11. g3 Qe7 12. Be2 Bd7 13. Bf3 c5 14. dxc5 Bxc5 15. Bxb7 Rb8 16. Qf3 e5 17. Nfd5 Nxd5 18. Bxd5 Rxb2 19. 0-0 Rb8 20. Bc6 Kf8 21. Bxd7 Qxd7 22. Rfd1 Qe6 23. Na4 Be7 24. Nc5 Bxc5 25. Rxc5 Kg7 26. Qh5 Rhc8 27. Qg5+ Qg6 28. Qxg6+ hxg6 29. Rxc8 Rxc8 30. Rd7 f4 31. exf4 exf4 32. Kg2 Rc3 33. gxf4 Ra3 34. f5 1/2-1/2

[Event "Donner Memorial-B"]
[Site "Amsterdam"]
[Date "1994.??.??"]
[Round "9"]
[White "Ligterink, Gert"]
[Black "Pachman, Ludek"]
[Result "1-0"]
[WhiteElo "2430"]
[BlackElo "2340"]
[PlyCount "47"]
[EventDate "1994.08.??"]
[EventType "tourn"]
[EventRounds "9"]
[EventCountry "NED"]
[EventCategory "8"]
[SourceTitle "CBM 043"]
[Source "ChessBase"]
[SourceDate "1994.12.01"]
[SourceVersion "1"]
[SourceVersionDate "1994.12.01"]
[SourceQuality "1"]

1. d4 d5 2. c4 c6 3. Nc3 Nf6 4. e3 e6 5. Nf3 Nbd7 6. Bd3 Bb4 7. a3 Ba5 8. 0-0 0-0 9. Qc2 dxc4 10. Bxc4 Bc7 11. Ba2 e5 12. Bd2 exd4 13. exd4 Nb6 14. h3 Nbd5 15. Rfe1 Nf4 16. Rad1 N6d5 17. Nxd5 Nxd5 18. Ng5 g6 19. Ne4 Bf5 20. Bh6 Re8 21. Bxd5 cxd5 22. Qxc7 Qxc7 23. Nf6+ Kh8 24. Rxe8+ 1-0

[Event "Donner Memorial-B"]
[Site "Amsterdam"]
[Date "1994.??.??"]
[Round "8"]
[White "Pachman, Ludek"]
[Black "Hartoch, Robert G"]
[Result "1/2-1/2"]
[WhiteElo "2340"]
[BlackElo "2345"]
[PlyCount "29"]
[EventDate "1994.08.??"]
[EventType "tourn"]
[EventRounds "9"]
[EventCountry "NED"]
[EventCategory "8"]
[SourceTitle "CBM 043"]
[Source "ChessBase"]
[SourceDate "1994.12.01"]
[SourceVersion "1"]
[SourceVersionDate "1994.12.01"]
[SourceQuality "1"]

1. d4 d6 2. c4 e5 3. Nf3 e4 4. Nfd2 f5 5. e3 Nf6 6. Nc3 g6 7. Be2 Bg7 8. b4 0-0 9. Nb3 Nc6 10. b5 Ne7 11. a4 Be6 12. a5 a6 13. Ba3 axb5 14. Nxb5 Ne8 15. 0-0 1/2-1/2

[Event "Donner Memorial-B"]
[Site "Amsterdam"]
[Date "1994.??.??"]
[Round "2"]
[White "Pachman, Ludek"]
[Black "Ree, Hans"]
[Result "1/2-1/2"]
[WhiteElo "2340"]
[BlackElo "2440"]
[PlyCount "35"]
[EventDate "1994.08.??"]
[EventType "tourn"]
[EventRounds "9"]
[EventCountry "NED"]
[EventCategory "8"]
[SourceTitle "CBM 043"]
[Source "ChessBase"]
[SourceDate "1994.12.01"]
[SourceVersion "1"]
[SourceVersionDate "1994.12.01"]
[SourceQuality "1"]

1. Nf3 g6 2. d4 Bg7 3. c4 Nf6 4. Nc3 0-0 5. Bg5 c5 6. e3 d6 7. Be2 Bf5 8. 0-0 Na6 9. Bd3 Bxd3 10. Qxd3 h6 11. Bxf6 Bxf6 12. Rfd1 cxd4 13. exd4 Rc8 14. a3 e6 15. Rac1 Nb8 16. b4 Bg7 17. h3 a6 18. Qe2 1/2-1/2

[Event "Donner Memorial-B"]
[Site "Amsterdam"]
[Date "1994.??.??"]
[Round "3"]
[White "Unzicker, Wolfgang"]
[Black "Pachman, Ludek"]
[Result "1/2-1/2"]
[WhiteElo "2430"]
[BlackElo "2340"]
[PlyCount "28"]
[EventDate "1994.08.??"]
[EventType "tourn"]
[EventRounds "9"]
[EventCountry "NED"]
[EventCategory "8"]
[SourceTitle "CBM 043"]
[Source "ChessBase"]
[SourceDate "1994.12.01"]
[SourceVersion "1"]
[SourceVersionDate "1994.12.01"]
[SourceQuality "1"]

1. e4 e6 2. d4 d5 3. Nc3 Nf6 4. Bg5 dxe4 5. Nxe4 Be7 6. Bxf6 Bxf6 7. Nf3 0-0 8. Qd2 b6 9. 0-0-0 Bb7 10. Bd3 Nd7 11. Qf4 Be7 12. Kb1 Nf6 13. Nxf6+ Bxf6 14. Be4 Bxe4 1/2-1/2

[Event "CZE-chT 9394"]
[Site "Czech Republic"]
[Date "1993.12.11"]
[Round "3"]
[White "Hausner, Ivan"]
[Black "Pachman, Ludek"]
[Result "1/2-1/2"]
[WhiteElo "2465"]
[BlackElo "2370"]
[PlyCount "38"]
[EventDate "1994.11.27"]
[EventType "team-tourn"]
[EventRounds "9"]
[EventCountry "CZE"]
[SourceTitle "EXT 2019"]
[Source "ChessBase"]
[SourceDate "2018.10.10"]
[SourceVersion "1"]
[SourceVersionDate "2018.10.10"]
[SourceQuality "1"]
[WhiteTeam "Praha DP Tarok"]
[BlackTeam "Vysehrad SK Sokol"]
[WhiteTeamCountry "CZE"]
[BlackTeamCountry "CZE"]

1. d4 Nf6 2. c4 e6 3. g3 Bb4+ 4. Bd2 a5 5. Bg2 d5 6. Nf3 Nc6 7. 0-0 dxc4 8. Bc3 Ne4 9. Qc2 f5 10. a3 Be7 11. Qa4 0-0 12. Qxc4 Bf6 13. e3 Ne7 14. Nbd2 Nd6 15. Qa2 Nd5 16. Rac1 b6 17. Ng5 c6 18. Ngf3 Ba6 19. Rfe1 Bd3 1/2-1/2

[Event "CZE-chT 9293"]
[Site "Czech Republic"]
[Date "1993.04.03"]
[Round "9"]
[White "Velicka, Petr"]
[Black "Pachman, Ludek"]
[Result "1/2-1/2"]
[WhiteElo "2425"]
[BlackElo "2370"]
[PlyCount "43"]
[EventDate "1992.11.28"]
[EventType "team-tourn"]
[EventRounds "9"]
[EventCountry "CZE"]
[SourceTitle "EXT 2019"]
[Source "ChessBase"]
[SourceDate "2018.10.10"]
[SourceVersion "1"]
[SourceVersionDate "2018.10.10"]
[SourceQuality "1"]
[WhiteTeam "Trinec"]
[BlackTeam "Vysehrad SK Sokol"]
[WhiteTeamCountry "CZE"]
[BlackTeamCountry "CZE"]

1. e4 e5 2. Nf3 Nc6 3. Bc4 d6 4. c3 g6 5. d4 Qe7 6. 0-0 Bg7 7. dxe5 Nxe5 8. Nxe5 Qxe5 9. Nd2 Nf6 10. Nf3 Qe7 11. Re1 Bg4 12. h3 Bxf3 13. Qxf3 0-0 14. Bg5 h6 15. Bh4 a5 16. a4 Qe5 17. Rad1 Qh5 18. Qxh5 Nxh5 19. Be2 Nf4 20. Bg3 g5 21. Bg4 Be5 22. Bxf4 1/2-1/2

[Event "CZE-chT 9293"]
[Site "Czech Republic"]
[Date "1993.03.06"]
[Round "7"]
[White "Pachman, Ludek"]
[Black "Prandstetter, Eduard"]
[Result "1/2-1/2"]
[WhiteElo "2370"]
[BlackElo "2375"]
[PlyCount "41"]
[EventDate "1992.11.28"]
[EventType "team-tourn"]
[EventRounds "9"]
[EventCountry "CZE"]
[SourceTitle "EXT 2019"]
[Source "ChessBase"]
[SourceDate "2018.10.10"]
[SourceVersion "1"]
[SourceVersionDate "2018.10.10"]
[SourceQuality "1"]
[WhiteTeam "Vysehrad SK Sokol"]
[BlackTeam "Praha Bohemians"]
[WhiteTeamCountry "CZE"]
[BlackTeamCountry "CZE"]

1. d4 Nf6 2. c4 e6 3. Nf3 b6 4. e3 Bb7 5. Bd3 d5 6. 0-0 Bd6 7. Nc3 0-0 8. cxd5 exd5 9. Qc2 a6 10. e4 dxe4 11. Nxe4 Nxe4 12. Bxe4 Bxe4 13. Qxe4 Nd7 14. Bg5 Qe8 15. Qc2 f6 16. Bh4 Qf7 17. Bg3 Bxg3 18. hxg3 Qd5 19. b3 Rac8 20. Rac1 Rfe8 21. Rfe1 1/2-1/2

[Event "CZE-ch"]
[Site "Luhacovice"]
[Date "1993.??.??"]
[Round "9"]
[White "Ratolistka, Josef"]
[Black "Pachman, Ludek"]
[Result "0-1"]
[WhiteElo "2230"]
[BlackElo "2370"]
[PlyCount "88"]
[EventDate "1993.??.??"]
[EventType "swiss"]
[EventRounds "11"]
[EventCountry "CZE"]
[SourceTitle "TD"]
[Source "ChessBase"]
[SourceDate "1994.03.01"]
[SourceVersion "1"]
[SourceVersionDate "1994.03.01"]
[SourceQuality "1"]

1. d4 Nf6 2. Nf3 g6 3. Bf4 Bg7 4. e3 0-0 5. h3 d6 6. Be2 Nbd7 7. Bh2 e6 8. 0-0 Qe7 9. c3 e5 10. dxe5 dxe5 11. Nbd2 Rd8 12. Qc2 Ne8 13. e4 f6 14. Rad1 Nf8 15. Bc4+ Be6 16. Qb3 c6 17. Bxe6+ Nxe6 18. Rfe1 Kh8 19. Nf1 Nc5 20. Qc2 a5 21. Ne3 a4 22. Rxd8 Rxd8 23. Rd1 Rxd1+ 24. Nxd1 Nd6 25. Nd2 Bh6 26. f3 Qe6 27. a3 Nc4 28. Nf1 Qd6 29. Nf2 b5 30. Ng4 Bg7 31. Bg3 h5 32. Nge3 Nxe3 33. Nxe3 Qd3 34. Qxd3 Nxd3 35. c4 Nxb2 36. cxb5 cxb5 37. Be1 Bf8 38. Nc2 Nc4 39. Bb4 Bxb4 40. axb4 h4 41. Kf2 Kg7 42. g3 hxg3+ 43. Kxg3 Kh6 44. Kg4 a3 0-1

[Event "CZE-ch"]
[Site "Luhacovice"]
[Date "1993.??.??"]
[Round "7"]
[White "Vavruska, David"]
[Black "Pachman, Ludek"]
[Result "1/2-1/2"]
[WhiteElo "2280"]
[BlackElo "2370"]
[PlyCount "23"]
[EventDate "1993.??.??"]
[EventType "swiss"]
[EventRounds "11"]
[EventCountry "CZE"]
[SourceTitle "TD"]
[Source "ChessBase"]
[SourceDate "1994.03.01"]
[SourceVersion "1"]
[SourceVersionDate "1994.03.01"]
[SourceQuality "1"]

1. Nf3 c5 2. e4 Nc6 3. d3 g6 4. g3 Bg7 5. Bg2 d6 6. 0-0 e5 7. c3 Nge7 8. a3 a5 9. a4 0-0 10. Na3 b6 11. Nd2 d5 12. exd5 1/2-1/2

[Event "CZE-chT 9293"]
[Site "Czech Republic"]
[Date "1992.11.29"]
[Round "2"]
[White "Zabystrzan, Pavel"]
[Black "Pachman, Ludek"]
[Result "1/2-1/2"]
[WhiteElo "2290"]
[BlackElo "2370"]
[PlyCount "22"]
[EventDate "1992.11.28"]
[EventType "team-tourn"]
[EventRounds "9"]
[EventCountry "CZE"]
[SourceTitle "EXT 2019"]
[Source "ChessBase"]
[SourceDate "2018.10.10"]
[SourceVersion "1"]
[SourceVersionDate "2018.10.10"]
[SourceQuality "1"]
[WhiteTeam "Havirov SK CSABI Slavia"]
[BlackTeam "Vysehrad SK Sokol"]
[WhiteTeamCountry "CZE"]
[BlackTeamCountry "CZE"]

1. Nf3 d5 2. c4 e6 3. d4 Nf6 4. e3 Be7 5. Nc3 0-0 6. Be2 b6 7. 0-0 Bb7 8. b3 Nbd7 9. Bb2 Ne4 10. Nxe4 dxe4 11. Ne5 Nxe5 1/2-1/2

[Event "CSR-chT"]
[Site "Czechoslovakia"]
[Date "1992.??.??"]
[Round "?"]
[White "Ftacnik, Lubomir"]
[Black "Pachman, Ludek"]
[Result "1-0"]
[WhiteElo "2550"]
[BlackElo "2370"]
[PlyCount "81"]
[EventDate "1992.??.??"]
[EventType "team"]
[EventRounds "13"]
[EventCountry "CSR"]
[SourceTitle "TD"]
[Source "ChessBase"]
[SourceDate "1994.03.01"]
[SourceVersion "1"]
[SourceVersionDate "1994.03.01"]
[SourceQuality "1"]

1. d4 Nf6 2. Nf3 d5 3. c4 e6 4. Nc3 c5 5. cxd5 Nxd5 6. e4 Nxc3 7. bxc3 cxd4 8. cxd4 Bb4+ 9. Bd2 Bxd2+ 10. Qxd2 0-0 11. Bc4 b6 12. 0-0 Bb7 13. Rfe1 Nd7 14. Rad1 Rc8 15. Bb3 Nf6 16. d5 exd5 17. exd5 Qd6 18. Nd4 Ng4 19. g3 Rfe8 20. Nb5 Qd7 21. Nxa7 Ra8 22. Nc6 Nf6 23. Ne5 Qd6 24. Qd4 h6 25. Re3 Kf8 26. Qf4 Rad8 27. Rde1 Kg8 28. Ng4 Rxe3 29. Nxf6+ Qxf6 30. fxe3 Kf8 31. e4 Qd4+ 32. Qf2 Qxf2+ 33. Kxf2 f6 34. Ke3 Ke7 35. Kd4 Kd6 36. Bc4 Bc8 37. Rb1 Kc7 38. Bb5 Kd6 39. Ba4 Kc7 40. e5 fxe5+ 41. Kxe5 1-0